|
|
|
|
| LEADER |
00000nam a22000007a 4500 |
| 005 |
20140717024259.0 |
| 007 |
cr|||| |||| |
| 008 |
140717s2014 es |||||s|||| 00||0 spa d |
| 020 |
|
|
|a 978-84-9085-048-0
|
| 035 |
|
|
|a 12324
|
| 040 |
|
|
|a vLex
|
| 090 |
|
|
|c 5103
|d 5103
|
| 100 |
1 |
|
|a Hoyo Sierra, Isabel Araceli
|
| 245 |
1 |
0 |
|a Principios del derecho I
|h [Recurso electrn̤ico] /
|c Isabel Araceli Hoyo Sierra, ℓngel Sǹchez de la Torre
|
| 256 |
|
|
|a Servicio en ln̕ea
|
| 260 |
|
|
|a Madrid:
|b Dykinson,
|c 2014
|
| 300 |
|
|
|a 1 recurso electrn̤ico
|
| 500 |
|
|
|a Hay principios lg̤ico/normativos que dan caracters̕ticas formales y regulan los contenidos de cada Institucin̤ Jurd̕ica. Investigar los “principios jurd̕icos” consiste en detectar los principios inspiradores de cada Institucin̤, y observar cm̤o, desde ellos, aparecen los argumentos que pueden aclarar cul̀es sean las conductas lc̕itas o ilc̕itas, mediante las diversas Fuentes del Derecho cuyas reglas les sean ms̀ correctamente aplicables. Se plantea as ̕el problema de cul̀ sea la metodologa̕ ms̀ adecuada para aclarar y conocer el sentido de los Principios del Derecho.
|
| 506 |
1 |
|
|a Disponible solo en los productos indicados
|d vLex Global
|d vLex Global (Academic Edition, excluding Law Schools)
|d vLex Global (U.S. Academic Edition, Law Schools)
|d vLex Global (U.S. Academic Edition, excluding Law Schools)
|d vLex Global (Academic Edition, Law Schools)
|
| 650 |
0 |
4 |
|a Derecho Civil
|z Espaą
|
| 650 |
0 |
4 |
|a Derecho Militar
|z Espaą
|
| 700 |
1 |
|
|a Sǹchez de la Torre, ℓngel
|
| 740 |
0 |
|
|a vLex Libros (Servicio en ln̕ea)
|
| 856 |
4 |
0 |
|u http://vlex.com/source/principios-del-derecho-i-12324
|z Acceso restringido
|
| 942 |
|
|
|c BOOK
|
| 999 |
0 |
|
|a Civil Law
|
| 999 |
0 |
|
|a Military Law
|